| 000 | 004590000a22001810004500 | ||
|---|---|---|---|
| 003 | MACL | ||
| 005 | 20150710174057.0 | ||
| 008 | 150710b xxu||||| |||| 00| 0 eng d | ||
| 040 |
_aMACL _cMACL |
||
| 041 | _aEnglish | ||
| 082 | _a320/APP | ||
| 100 |
_aAppadorai, A _91368 |
||
| 245 |
_aIndian Political Thinking _bThrough The Ages |
||
| 260 |
_bKhama Publishers _c1992 _aNew Delhi |
||
| 350 | _a300 | ||
| 650 |
_aPolitical Science _988 |
||
| 942 |
_cBK _k320 _2ddc |
||
| 999 |
_c3913 _d3913 |
||